Statistics for MLB Last Ten World Series Champions

Click here to take the quiz!

General Stats

  • This quiz has been taken 96 times
    (33 since last reset)
  • The average score is 15 of 20

Answer Stats

Answer% Correct
Houston Astros
100%
Philadelphia Phillies
82%
Atlanta Braves
79%
Chicago Cubs
79%
Houston Astros
79%
Los Angeles Dodgers
79%
Washington Nationals
79%
Kansas City Royals
75%
Houston Astros
71%
Los Angeles Dodgers
71%
Boston Red Sox
68%
Boston Red Sox
68%
Cleveland Indians
68%
Houston Astros
68%
Los Angeles Dodgers
68%
New York Mets
68%
Tampa Bay Rays
68%
San Francisco Giants
64%
St. Louis Cardinals
61%
Kansas City Royals
57%

Score Distribution

Percentile by Number Answered

Percent of People with Each Score

Your Score History

You have not taken this quiz since the last reset